Κατάλογος Βιβλιοθηκών Mediterranean College

Το Πανόραμα του Παγκοσμίου Τουρισμού (Record no. 4610)

MARC details
000 -LEADER
fixed length control field 01357cam a22001814a 4500
005 - ΗΜΕΡΟΜΗΝΙΑ ΚΑΙ ΩΡΑ ΤΕΛΕΥΤΑΙΑΣ ΕΝΗΜΕΡΩΣΗΣ
Πεδίο ελέγχου 20250605164150.0
008 - FIXED-LENGTH DATA ELEMENTS--GENERAL INFORMATION
Πεδίο ελέγχου σταθερού μήκους 250528s ||||||||||||||||||||||||d
035 ## - SYSTEM CONTROL NUMBER
System control number 19352
040 ## - ΠΗΓΗ ΚΑΤΑΛΟΓΟΓΡΑΦΗΣΗΣ
Φορέας πρωτότυπης καταλογογράφησης MC Athens Campus Library
Γλώσσα καταλογογράφησης Ελληνικά, Μοντέρνα (1453-)
Modifying agency MC Athens Campus Library
Κανόνες περιγραφικής καταλογογράφησης AACR2
245 1# - ΤΙΤΛΟΣ ΚΑΙ ΔΗΛΩΣΗ ΥΠΕΥΘΥΝΟΤΗΤΑΣ
Τίτλος Το Πανόραμα του Παγκοσμίου Τουρισμού
260 ## - PUBLICATION, DISTRIBUTION, ETC.
Name of publisher, distributor, etc. Ινστιτούτο Τουριστικών Ερευνών Και Προβλέψεων,
Date of publication, distribution, etc. 1998
300 ## - PHYSICAL DESCRIPTION
Extent 234
520 ## - SUMMARY, ETC.
Summary, etc. Ο Τομέας του Τουρισμού ως Τομέας Οικονομικής Δραστηριότητας, Το Μέγεθος του Παγκοσμίου Τουρισμού και η Γεωγραφική Κατανομή του, Τουριστική Ανάπτυξη: Οικονομία και Περιβάλλον και Κοινωνία και Πολιτισμός, Η Δυναμική του Διεθνούς Παγκοσμίου Τουρισμού, Προοπτικές του Διεθνούς Τουρισμού κατά την Προσεχή Δεκαετία, Ανακεφαλαίωση: Διαπιστώσεις και Προβλέψεις και Συμπεράσματα, Περιεχόμενα Πινάκων και Διαγραμμάτων, Βιβλιογραφία.
700 1# - ΠΡΟΣΘΕΤΗ ΑΝΑΓΡΑΦΗ--ΦΥΣΙΚΟ ΠΡΟΣΩΠΟ
Personal name Παυλόπουλος Παναγιώτης Γ
9 (RLIN) 5601
942 ## - ADDED ENTRY ELEMENTS (KOHA)
Koha item type Books
Holdings
Τύπος τεκμηρίου Βιβλιοθήκη Τρέχουσα τοποθεσία Barcode Αριθμός εισαγωγής Ημερομηνία απόκτησης Ταξιθετικό σύμβολο Αριθμός αντιτύπου Κατάσταση απόσυρσης Κατάσταση χαμένου Κατάσταση κατεστραμμένου Μη δανεισμός Σύνολο δανεισμών Ημερομηνία τελευταίας εμφάνισης Η τιμή ισχύει από
Books MC Athens Campus Library MC Athens Campus Library 9780000046093 5404 05/06/2025 338.479 1 PAV 1           05/06/2025 05/06/2025

MC Athens Campus Library
Πατησίων 94 & Κοδριγκτώνος 13, 104 34
Πελλήνης 8 & Πατησίων 107, 112 51
Τ: +30 210 8899600

MC Thessaloniki Campus Library
Ίωνος Δραγούμη 21, 54625 | Ίωνος Δραγούμη 15, 54625
Τ: +30 2310 287779 – Τ: +30 2314 440300